Statistiques concernant Reliez le personnage joué par Bill Murray à son film

Cliquez ici pour prendre le quiz!

Statistiques générales

  • Ce quiz a été pris 39 fois
  • Le résultat moyen est 3 sur 12

Statistiques - réponses

HintRéponse% Correct
Phil ConnorsUn jour sans fin
61%
Dr Peter VenkmanS.O.S. Fantômes
55%
Bill MurrayBienvenue à Zombieland
42%
Bob HarrisLost in Translation
32%
Ice PickDumb and Dumber De
29%
Steve ZissouLa Vie aquatique
26%
Bunny BreckindrigeEd Wood
16%
Raleigh St. ClairLa Famille Tenenbaum
16%
John BosleyCharlie et ses drôles de dames
10%
Herman BlumeRushmore
10%
Don JohnstonBroken Flowers
6%
Clifford RobertsonThe Dead Don't Die
6%

Distribution des résultats

Percentile par nombre de réponses

% des personnes avec chaque résultat

Votre développement - résultats

Vous n’avez pas pris ce quiz